000
00311nam a22001337a 4500
020
_q
PB.
040
_c
FIZZA ISHAQ
082
_a
005.8
_b
JOH
100
_a
VACCA,R JOHN.
_9
91765
245
_a
CLOUD COMPUTING SECURITY /
_c
JOHN R VACCA.
260
_a
CRC PRESS ;
_c
2021.
300
_a
522 P. ;
942
_2
ddc
_c
BK
999
_c
589901
_d
589901